มุมมองปกติ
มุมมองแบบ MARC
- Yugoslav War, 1991-1995
รายการ Topical Term
001 - CONTROL NUMBER
- control field: 28962
003 - CONTROL NUMBER IDENTIFIER
- control field: NALT
005 - DATE AND TIME OF LATEST TRANSACTION
- control field: 20180516105248.0
008 - FIXED-LENGTH DATA ELEMENTS
- fixed length control field: 180516|| aca||babn | a|a d
040 ## - CATALOGING SOURCE
- Original cataloging agency: NALT
150 ## - HEADING--TOPICAL TERM
- Topical term or geographic name entry element: Yugoslav War, 1991-1995
- General subdivision: Law and legislation
